000 00687nam a2200277Ia 4500
005 20260324140844.0
008 008 260324s9999 xx 000 0 eng d
020 _a9781315812601
037 _aEBOOK
040 _aCRL
040 _beng
040 _cCRL
041 _2eng
041 _aeng
084 _qCRL
100 _aMichael Argyle; Benjamin Beit-Hallahmi
_91164325
245 4 _aThe Psychology of Religious Behaviour, Belief and Experience
260 _bTaylor and Francis
260 _c1998
365 _a
365 _b210
856 _uhttp://www.taylorfrancis.com/books/9781315812601
942 _cEBOOK
999 _c1808483
_d1808483